00466nam a2200121Ia 4500008004100000245015600041260004500197260000900242300000800251500001000259650001300269856006200282170516s9999 xx 000 0 und d aDevelopment and evaluation of lafutidine solid dispersion via hot melt extrusion: Investigating drug-polymer miscibility with advanced characterisation bAsian Journal of Pharmaceutical Sciences c2014 a9:2 aApril xPharmacy uhttp://www.sciencedirect.com/science/journal/18180876/9/2